The role of the service sector in the economy of metropoliton Geneva, 1975-85 (Record no. 1894)

000 -LEADER
fixed length control field 00474pab a2200157 454500
008 - FIXED-LENGTH DATA ELEMENTS--GENERAL INFORMATION
fixed length control field 180718b xxu||||| |||| 00| 0 eng d
100 ## - MAIN ENTRY--PERSONAL NAME
Personal name Baily, Antorine S.
245 ## - TITLE STATEMENT
Title The role of the service sector in the economy of metropoliton Geneva, 1975-85
650 ## - SUBJECT ADDED ENTRY--TOPICAL TERM
Topical term or geographic name entry element Service Sector
650 ## - SUBJECT ADDED ENTRY--TOPICAL TERM
Topical term or geographic name entry element Service Industry
650 ## - SUBJECT ADDED ENTRY--TOPICAL TERM
Topical term or geographic name entry element Geneva
650 ## - SUBJECT ADDED ENTRY--TOPICAL TERM
Topical term or geographic name entry element Service Industry - Geneva
700 ## - ADDED ENTRY--PERSONAL NAME
Personal name Coffey, William J
773 ## - HOST ITEM ENTRY
Main entry heading Review of Urban and Regional Development
909 ## -
-- 1894
Holdings
Withdrawn status Lost status Damaged status Not for loan Permanent Location Current Location Date acquired Serial Enumeration / chronology Barcode Date last seen Price effective from Koha item type
        Indian Institute of Public Administration Indian Institute of Public Administration 2018-07-19 Issue no: 3(2), Jul.91, p.134-51 AR1894 2018-07-19 2018-07-19 Articles

Powered by Koha